000
00429nam a2200145Ia 4500
008
100122s9999 xx 000 0 und d
082
_b
32689
_a
821
100
_a
दत्त प्रफुल्ल
245
_a
प्रपंच-गीते
260
_b
अभय प्रकाशन
_c
1971
300
_a
80
630
_a
प्रपंच-गीते
730
_a
प्रपंच-गीते
942
_c
BOOK
999
_c
417012
_d
417009